| 000 | 00725nam a2200253 i 4500 | ||
|---|---|---|---|
| 003 | DO-SdBNP | ||
| 005 | 20240410135453.0 | ||
| 007 | ta | ||
| 008 | 240410b2023 dr ||||| |||| 00| 0 spa d | ||
| 020 | _a9789945223095 | ||
| 040 |
_aDO-SdBNP _bspa _cBNPHU _erda |
||
| 082 | 4 | _222 | |
| 100 | 1 |
_aRomero, Nelson, _eautor _985178 |
|
| 245 | 1 | 0 |
_aOjo de huracán / _cNelson Romero |
| 264 |
_aSanto Domingo : _bBúho, _c2023. |
||
| 300 |
_a72 péginas ; _c22 cm. |
||
| 336 |
_2rdacontent _atexto _btxt |
||
| 337 |
_2rdamedia _asin mediación _bn |
||
| 338 |
_2rdacarrier _avolumen _bnc |
||
| 500 | _aincluye datos biográficos del autor en las solapas | ||
| 590 | _aInventariado, 2024/BT | ||
| 910 | _aBtavárez | ||
| 942 |
_2ddc _cLBS1 |
||
| 999 |
_c56324 _d56324 |
||